00893 2200325 4500001002100000005001500021035002000036007000300056008004100059040001700100100001100117245010700128250000900235300003000244020002200274041000800296082001000304084001600314090001800330260003300348700001600381850001000397650001400407504002600421990002400447990002400471990002400495990002400519990002400543INLIS00000000000268420260601075927 a0010-0620000057ta260601 g 1 ind  aSBPUPADbind0 aIsmadi1 aCandi Borobudur, Candi Prambanan dan Keajaiban yang lain :bIndonesia mendunia /cIsmadi,; editor:Maya aEd.1 a44 hlm. :bilus. ;c20 cm a978-979-29-6173-707aind a372.2 a372.2 ISM c a322 SUP k 3-2 aYogyakarta :bRainbow,c20170 aEditor:Maya aPUPAD 4aAnak-Anak aDaftar Pustaka hlm 43 a32.986/DAK/DPK/2019 a32.987/DAK/DPK/2019 a32.988/DAK/DPK/2019 a32.989/DAK/DPK/2019 a32.986/DAK/DPK/2019